000 00440nam a2200157 4500
001 120598
003 ES-MaACL
005 20230906191601.0
007 t|
008 070214s1928 it r ||||1| ita d
100 1 _aPizzetti, Paolo.
_992461
245 1 0 _aTrattato di Geodesia teoretica /
_cPaolo Pizzetti.
260 _aBologna :
_b[s. n.],
_c1928 (
_fTip. Azzoguidi)
300 _aVI, 457 p. ;
_c24 x 15 cm.
852 _aES-MaACL
_jA-3647
999 _c120598
_d120598